000 00953cab a2200301 4500
001 ABS48861
008 090401t1993 xxu||||| |||| 00| 0 eng d
035 _a(Sirsi) u68858
041 _aeng
100 _aPickard, R.D.
245 _aListed buildings: the continuing dilemmas of definition
260 _c1993
350 _a0
490 _aConveyancer & Property Lawyer
_v(1993) 87 Conv 192-205(13)
520 _aA study of the definition of building with regard to listed buildings and the difficulties in determining what is included in a listing. Refers to case law throughout.
650 _aCALDERDALE CASE
650 _aCURTILAGE
650 _aDEFINITION
650 _aHUGHES V CALDERDALE BC
650 _aLISTED BUILDINGS
650 _aOWNERSHIP
650 _aSTRUCTURES
650 _aWATTS V SOS FOR THE ENVIRONMENT
690 _aCONSERVATION
690 _aPLANNING LAW AND PRACTICE
942 _n0
948 _c04/03/1997
999 _c43229
_d43229